=LDR 00000nam 2200000 4500 =001 INLIS000000000027553 =005 20130612125923 =008 ***********************************Ind** =035 ##$$0010-061300000027553 =041 ##$$a Ind =082 ##$$a 2x1.04 =090 ##$$a 2x1.04, Aud k =100 ##$$a Audah,Ali =245 ##$$a Konkordasi qur'an:Panduan kata dalam mencari ayat qur'an, Ali Audah =260 ##$$a 2003 $b Bogor =300 ##$$a xv,864 hlm, 25 cm =650 ##$$a Al Qur'an-Panduan kata =850 ##$$a NBPNMAT